header

The virtues of the vicious (Record no. 19835)

MARC details
000 -LEADER
fixed length control field 01842nam a2200409Ia 4500
100 1# - MAIN ENTRY--AUTHOR NAME
Personal name Gandal, Keith.
245 14 - TITLE STATEMENT
Title The virtues of the vicious
260 ## - PUBLICATION, DISTRIBUTION, ETC. (IMPRINT)
Place of publication New York :
Name of publisher Oxford University Press,
Year of publication 1997.
300 ## - PHYSICAL DESCRIPTION
Number of Pages viii, 206 p. :
Other physical details ill.
500 ## - GENERAL NOTE
General note Revision of the authors thesis (doctoral)--University of California at Berkeley.
650 #0 - SUBJECT ADDED ENTRY--TOPICAL TERM
Topical Term American prose literature
Topical Term Didactic literature, American
Topical Term Slums
Topical Term City and town life in literature.
Topical Term Social ethics in literature.
Topical Term Slums in literature.
Topical Term Spectacular, The.
856 40 - ELECTRONIC LOCATION AND ACCESS
Uniform Resource Identifier http://site.ebrary.com/lib/rucke/Doc?id=10278479

No items available.

© 2026 Rongo University
Contact us: librarian | system librarian | Rongo university